Qui a dit cette réplique Marvel #6 - Statistiques

Statistiques générales
  • Ce quiz a été pris 941 fois
    314 depuis la dernière actualisation
  • Le résultat moyen est 8 sur 17
Statistiques - réponses
Hint Réplique Réponse % Correct
2 Allez bonne nuit, et tâche de dormir sinon je vends tout tes jouets. Iron Man (Tony Stark)
100%
1 J'ai été repérée par le SHIELD de la pire manière. Black Widow (Natasha Romanoff)
89%
9 J'ai voulu faire un saut temporel pour voir toutes sortes de futur, étudier les dénouements possibles. Doctor Strange (Stephen Strange)
79%
5 Tu me feras jamais de mal. Je ne ressens que toi. Vision
78%
17 La dernière fois qu'on c'est vu, vous vouliez tuer tout le monde. Vous en êtes ou aujourd'hui ? Hulk (Bruce Banner)
72%
15 Chaque nuit le même rêve, et chaque matin le même cauchemar. La sorcière rouge (Wanda Maximoff)
70%
16 Ça veut dire que je suis seulement à moitié stupide et que vous vous l'êtes à 100%. Star Lord (Peter Quill)
64%
12 Tu l'as pas vu venir celle la ! Pietro Maximoff
57%
4 On préfère les pistaches de Hulk. Wong
44%
11 Il a sauvé plus de 1000 hommes et parmi eux, celui qui l'homme qui... l'homme qui allait finalement devenir mon mari... Peggy Carter
37%
7 J'ai dit à ma femme ne te fait pas de soucis. Ils s'affrontent en ville on est à des kilomètres des combats. Baron Zemo (Helmut Zemo)
36%
10 Je suis la reine de la plus puissante nation au monde ! Ramonda
25%
3 Depuis quand tu n'as pas dormi une nuit entière. War machine (James Rhodes)
22%
14 Parce que c'est mieux et que c'est une scène de crime plus bordélique. On passera pour des amateurs. Ulysses Klaue
11%
8 La peur j'en fais mon quatre heures. Cassie Lang
5%
13 Il faut parfois se résoudre à détruire l'ancien. Et on se fait des ennemis. Alexander Pierce
4%
6 Ça vous donne l'air encore plus malin. Mobius
2%
Aucun quiz correspondant
Distribution des résultats
% des personnes avec chaque résultat
Percentile par nombre de réponses
Votre historique - résultats
Vous n’avez pas pris ce quiz depuis la dernière actualisation